Fixed expressions and idioms in English : a corpus-based approach

Αποθηκεύτηκε σε:
Λεπτομέρειες βιβλιογραφικής εγγραφής
Κύριος συγγραφέας: Moon, Rosamund
Μορφή: Βιβλίο
Γλώσσα:English
Δημοσίευση: Oxford : Claredon Press, 1998
Σειρά:Oxford studies in lexicography and lexicology
Θέματα:
Ετικέτες: Προσθήκη ετικέτας
Δεν υπάρχουν, Καταχωρήστε ετικέτα πρώτοι!

MARC

LEADER 00000cam a2200000 i 4500
001 1/64017
008 041026s1998 eng d
020 |a 0-19-823614-X 
035 |l 10074934 
040 |a GR-MY-UA  |b gre  |e aacr 
041 0 |a eng 
082 0 |a 420.141 
100 1 |a Moon, Rosamund. 
245 1 0 |a Fixed expressions and idioms in English :  |b a corpus-based approach /  |c Rosamund Moon 
260 |a Oxford :   |b Claredon Press,   |c 1998 
300 |a 338 p. 
490 1 |a Oxford studies in lexicography and lexicology 
504 |a Includes bibliographical references and index 
650 0 0 |a English language  |x Discourse analysis. 
650 0 0 |a English language  |x Terms and phrases. 
650 0 0 |a Lexicology. 
650 0 0 |a English language  |x Idioms. 
650 0 0 |a Figures of speech. 
830 0 |a Oxford studies in lexicography and lexicology 
852 |a INST  |b RHODES  |e 20041026  |h 420.141 MOO  |p 005400018295  |q 005400018295  |t BK  |y 0 
901 |a BIBL4-2004-3 
909 |a Ρ  |b 110081 
920 |a ΔΙΕΥΡΥΝΣΗ  |b ΕΠΕΑΕΚ ΙΙ-ΤΜΣ  |y ΡΟΔΟΣ  |z 2004-10 
970 |a ΚΟΥΛΑΚΙΟΤΗ  |b ΛΙΤΣΑ  |z 2004/10/26